Chinesisches Porzellan und die ubrigen keramischen erzeugnisse Chinas (Record no. 2257)

MARC details
000 -CABECERA
campo de control de longitud fija 00608nam a2200205 a 4500
001 - NÚMERO DE CONTROL
campo de control BRCA_2516
005 - FECHA Y HORA DE LA ÚLTIMA TRANSACCIÓN
campo de control 20190320203839.0
008 - DATOS DE LONGITUD FIJA--INFORMACIÓN GENERAL
campo de control de longitud fija 251108s1923----gw-a---###---#000-0#ger-u
050 #4 - SIGNATURA TOPOGRÁFICA DE LA BIBLIOTECA DEL CONGRESO
Número de clasificación NK4565
Número de documento/Ítem .Z56 1923
100 1# - ENTRADA PRINCIPAL--NOMBRE DE PERSONA
Nombre de persona Zimmermann, Ernst
Fechas asociadas al nombre 1866-1940
9 (RLIN) 7233
245 10 - MENCIÓN DE TÍTULO
Título Chinesisches Porzellan und die ubrigen keramischen erzeugnisse Chinas
Mención de responsabilidad, etc. von Ernst Zimmermann.
250 ## - MENCIÓN DE EDICIÓN
Mención de edición 2
260 ## - PUBLICACIÓN, DISTRIBUCIÓN, ETC.
Lugar de publicación, distribución, etc. Leipzig, Alemania
Nombre del editor, distribuidor, etc. Klinkhardt
Fecha de publicación, distribución, etc. 1923
300 ## - DESCRIPCIÓN FÍSICA
Extensión 2 v.
Otras características físicas il.
Dimensiones 31 cm.
500 ## - NOTA GENERAL
Nota general A7
505 0# - NOTA DE CONTENIDO CON FORMATO
Nota de contenido con formato Contenido: v. 1 Text. -- v.2 Tafeln.
650 14 - PUNTO DE ACCESO ADICIONAL DE MATERIA--TÉRMINO DE MATERIA
Término de materia o nombre geográfico como elemento de entrada Porcelana china
9 (RLIN) 1313
902 ## - CATALOGADOR
Iniciales GFM
942 ## - ELEMENTOS DE PUNTO DE ACCESO ADICIONAL (KOHA)
Fuente del sistema de clasificación o colocación Library of Congress Classification
Tipo de ítem Koha Libros
Holdings
Estado de retiro Estado de pérdida Estado dañado No para préstamo Localización permanente Ubicación/localización actual Fecha de adquisición Número de inventario Total de préstamos Signatura topográfica completa Código de barras Fecha visto por última vez Precio válido a partir de Tipo de ítem Koha
El ejemplar forma parte de la colección y puede ser consultado según las políticas vigentes.       Biblioteca del Museo Franz Mayer (Rogerio Casas-Alatriste) Biblioteca del Museo Franz Mayer (Rogerio Casas-Alatriste) 25/11/2008 A7   NK4565 .Z56 1923 (A7) 2513 22/03/2019 22/03/2019 Libros